| 000 | 00714nam a22002297a 4500 | ||
|---|---|---|---|
| 999 |
_c15187 _d15187 |
||
| 003 | AR-CdUCM | ||
| 008 | 190426b ||||| |||| 00| 0 spa d | ||
| 020 | _a978-607-618-042-6 | ||
| 040 |
_aMUNICIPALIDAD PROVINCIAL DEL CUSCO _cBIBLIOTECA MUNICIPAL DEL CUSCO |
||
| 082 |
_aEP / 808.06 / _bP66 |
||
| 100 |
_aPledger, Maurice _925658 |
||
| 245 | _aPistas naturales insectos / | ||
| 260 |
_aMéxico : _bAdvanced Marketing, _c2013. |
||
| 300 |
_c19 cm. _bFiguras de animales plegables, |
||
| 440 |
_aSilver dolphin en español _933895 |
||
| 650 |
_aAprender _933413 |
||
| 650 |
_aAnimales _9917 |
||
| 650 |
_aInfantil _96210 |
||
| 700 |
_aAlba, Arlette _934219 |
||
| 942 |
_2ddc _cLIBROS |
||
| 945 |
_arah _d26/04/2019 |
||